Το Ευρωπαϊκό σύστημα αξιών στα αναλυτικά προγράμματα και στα σχολικά εγχειρίδια της πρωτοβάθμιας εκπαίδευσης : διδακτορική διατριβή

Αποθηκεύτηκε σε:
Λεπτομέρειες βιβλιογραφικής εγγραφής
Κύριος συγγραφέας: Κοντάκος, Παναγιώτης Θ.
Συγγραφή απο Οργανισμό/Αρχή: Πανεπιστήμιο Αιγαίου Σχολή Ανθρωπιστικών Επιστημών Τμήμα Επιστημών της Προσχολικής Αγωγής και του Εκπαιδευτικού Σχεδιασμού
Άλλοι συγγραφείς: Χατζηγεωργίου, Γιάννης (Εισηγητής διατριβής)
Μορφή: Thesis Βιβλίο
Γλώσσα:Greek
Δημοσίευση: 2009
Θέματα:
Διαθέσιμο Online:http://hdl.handle.net/11610/10900
Ετικέτες: Προσθήκη ετικέτας
Δεν υπάρχουν, Καταχωρήστε ετικέτα πρώτοι!

MARC

LEADER 00000cam a2200000 i 4500
001 1/15714
008 111013s2009 gre d
035 |l 10111090 
040 |a GR-MY-UA  |b gre  |e aacr 
041 0 |a gre 
082 0 |a 375  |2 (22) 
100 1 |a Κοντάκος, Παναγιώτης Θ. 
245 1 3 |a Το Ευρωπαϊκό σύστημα αξιών στα αναλυτικά προγράμματα και στα σχολικά εγχειρίδια της πρωτοβάθμιας εκπαίδευσης :  |b διδακτορική διατριβή /  |c Παναγιώτης Θεοδώρου Κοντάκος ; επιβλέπων: Χατζηγεωργίου Ιωάννης 
260 |c 2009 
300 |a 2 τ.;  |b πιν.;  |c 30 εκ. 
500 |a Μέλη εξεταστικής επιτροπής: Πολεμικός Νικήτας ... [κ.ά.] 
502 # # |a Διατριβή (διδακτορική) – Πανεπιστήμιο Αιγαίου, Ρόδος, 2009. 
504 |a Βιβλιογραφία: σ. 279-306 
650 0 0 |a Educational planning  |z Europe. 
650 0 0 |a Education  |x Curricula  |z Europe. 
650 0 0 |a Values  |x Case studies. 
650 0 0 |a Education  |x Aims and objectives  |z Europe. 
650 0 0 |a Dissertations, Academic  |z Greece. 
700 1 |a Χατζηγεωργίου, Γιάννης.  |4 ths 
710 2 |a Πανεπιστήμιο Αιγαίου  |b Σχολή Ανθρωπιστικών Επιστημών  |b Τμήμα Επιστημών της Προσχολικής Αγωγής και του Εκπαιδευτικού Σχεδιασμού. 
852 |a INST  |b RHODES  |c DIATR  |e 20111013  |h 375 ΚΟΝ  |p 005400033727  |q 005400033727  |t PHD  |v τ.1:  |y 23  |z τ.1 
852 |a INST  |b RHODES  |c DIATR  |e 20111013  |h 375 ΚΟΝ  |p 005400033728  |q 005400033728  |t PHD  |v τ.2:  |y 23  |z τ.2 
852 |a INST  |b RHODES  |c DIATR  |e 20111013  |h 375 ΚΟΝ  |p 005400033729  |q 005400033729  |t PHD  |v τ.1:  |y 23  |z τ.1 
852 |a INST  |b RHODES  |c DIATR  |e 20111013  |h 375 ΚΟΝ  |p 005400033730  |q 005400033730  |t PHD  |v τ.2:  |y 23  |z τ.2 
853 |a INST  |b RHODES  |c DIATR  |h 375 ΚΟΝ 
856 |u http://hdl.handle.net/11610/10900 
901 |a BIBL4-2011-3 
909 |a Ρ  |b 170364 
909 |a Ρ  |b 170365 
909 |a Ρ  |b 170363 
909 |a Ρ  |b 170366 
924 |a ΚΟΝΤΑΚΟΣ  |b ΠΑΝΑΓΙΩΤΗΣ  |y ΡΟΔΟΣ  |z 2011-10 
970 |z 2010/05/